[Event "Daireaux IRT 3rd"]
[Site "Daireaux"]
[Date "2019.07.06"]
[Round "1.7"]
[White "Amoroso, Juan Pablo"]
[Black "Carrizo, Victor"]
[Result "1-0"]
[WhiteElo "1967"]
[BlackElo "1556"]
[PlyCount "49"]
[EventDate "2019.07.06"]
[EventType "swiss"]
[EventRounds "7"]
[EventCountry "ARG"]
[SourceTitle "EXT 2024"]
[Source "ChessBase"]
[SourceDate "2023.10.10"]
[SourceVersion "1"]
[SourceVersionDate "2023.10.10"]
[SourceQuality "1"]

1. c4 Nf6 2. g3 g6 3. Bg2 Bg7 4. Nf3 0-0 5. 0-0 c5 6. Nc3 Nc6 7. d4 d5 8. cxd5 Nxd5 9. Nxd5 Qxd5 10. Be3 cxd4 11. Nxd4 Qd7 12. Nxc6 bxc6 13. Qc2 Bb7 14. Rfd1 Qc7 15. Rac1 Rac8 16. b4 c5 17. Qxc5 Qxc5 18. Rxc5 Bxg2 19. Rxc8 Rxc8 20. Kxg2 a6 21. Rd7 Kf8 22. Ra7 f5 23. Bc5 Bf6 24. Rxa6 Rd8 25. Rxf6+ 1-0

[Event "ARG-ch U18"]
[Site "Villa Martelli"]
[Date "2018.02.11"]
[Round "5.2"]
[White "Amoroso, Juan Pablo"]
[Black "Villca, Julian"]
[Result "0-1"]
[WhiteElo "1958"]
[BlackElo "2297"]
[PlyCount "114"]
[EventDate "2018.02.09"]
[EventType "swiss"]
[EventRounds "9"]
[EventCountry "ARG"]
[SourceTitle "EXT 2024"]
[Source "ChessBase"]
[SourceDate "2023.10.10"]
[SourceVersion "1"]
[SourceVersionDate "2023.10.10"]
[SourceQuality "1"]

1. c4 g6 2. g3 Bg7 3. Bg2 e5 4. Nc3 Ne7 5. d3 Nbc6 6. e4 Nd4 7. Nge2 Nec6 8. Be3 0-0 9. Nd5 d6 10. Bxd4 Nxd4 11. Nxd4 exd4 12. 0-0 c6 13. Nf4 Rb8 14. Qc2 f5 15. exf5 Bxf5 16. Rfe1 Qd7 17. b4 Be5 18. Ne2 Kh8 19. Kh1 Rfe8 20. Ng1 Bf6 21. Qd2 Kg7 22. h3 h5 23. Kh2 b5 24. cxb5 Rxb5 25. a4 Rxe1 26. Rxe1 Rb8 27. Rc1 d5 28. Nf3 Qd6 29. b5 c5 30. Qa5 Rb7 31. Ne1 Rc7 32. Qa6 Qxa6 33. bxa6 Be6 34. Rb1 c4 35. Rb7 Rf7 36. Rb5 Re7 37. Rb7 Kf8 38. Kg1 Bf5 39. Rxe7 Kxe7 40. Bxd5 cxd3 41. Nf3 Kd6 42. Bc4 Kc5 43. Nd2 Kb4 44. Kf1 Bxh3+ 45. Ke1 Bf5 46. Bb5 Kc3 47. Kd1 h4 48. gxh4 Bxh4 49. f3 g5 50. Ne4+ Bxe4 51. fxe4 g4 52. e5 d2 53. e6 g3 54. Bc6 Kd3 55. Bd5 Ke3 56. Bc6 Bg5 57. a5 Kf2 0-1

[Event "ARG-ch U18"]
[Site "Villa Martelli"]
[Date "2018.02.09"]
[Round "2.3"]
[White "Amoroso, Juan Pablo"]
[Black "Gimenez Aguirre, Ismael Alejo"]
[Result "0-1"]
[WhiteElo "1958"]
[BlackElo "2186"]
[PlyCount "130"]
[EventDate "2018.02.09"]
[EventType "swiss"]
[EventRounds "9"]
[EventCountry "ARG"]
[SourceTitle "EXT 2024"]
[Source "ChessBase"]
[SourceDate "2023.10.10"]
[SourceVersion "1"]
[SourceVersionDate "2023.10.10"]
[SourceQuality "1"]

1. c4 e5 2. Nc3 Nc6 3. g3 g6 4. Bg2 Bg7 5. d3 d6 6. e4 Nge7 7. Nge2 h6 8. Be3 Bg4 9. f3 Be6 10. Qd2 Nd4 11. Nd5 c6 12. Nxe7 Qxe7 13. 0-0 d5 14. Bxd4 exd4 15. cxd5 cxd5 16. exd5 Bf5 17. Rfe1 0-0 18. g4 Bd7 19. Ng3 Qd6 20. Ne4 Qxd5 21. f4 Kh8 22. Nf6 Qd6 23. Nxd7 Qxd7 24. h3 a5 25. Rac1 Ra6 26. Rc5 b5 27. Rec1 b4 28. Rd5 Qa4 29. b3 Qe8 30. Re1 Qb8 31. Be4 a4 32. Rc5 axb3 33. axb3 Qd6 34. Rb5 Rb8 35. Rxb8+ Qxb8 36. Bd5 Rf6 37. Re4 Qb5 38. Bc4 Qa5 39. Qe1 Kh7 40. Re7 Rxf4 41. Rxf7 Rxf7 42. Bxf7 Qc7 43. Bd5 Be5 44. Be4 Bf4 45. Kg2 Be3 46. Qf1 Kg7 47. Bf3 Qc2+ 48. Be2 Qxb3 49. Qf3 Bg5 50. Qb7+ Kf8 51. Qb8+ Kf7 52. Qc7+ Be7 53. Qf4+ Kg7 54. Qxd4+ Bf6 55. Qd7+ Kh8 56. Qc8+ Kh7 57. Qc7+ Bg7 58. Qc4 Qb2 59. Kf3 b3 60. Bd1 Qf6+ 61. Kg2 b2 62. Bc2 Qe5 63. Qc6 Qe2+ 64. Kg1 Bd4+ 65. Kh1 Qf1+ 0-1

[Event "Villa Martelli ProAm op 24th"]
[Site "Villa Martelli"]
[Date "2017.10.04"]
[Round "5"]
[White "Sotelo Rojas, Ruben"]
[Black "Amoroso, Juan Pablo"]
[Result "0-1"]
[WhiteElo "1767"]
[BlackElo "2014"]
[PlyCount "60"]
[EventDate "2017.10.01"]
[EventType "swiss"]
[EventRounds "9"]
[EventCountry "ARG"]
[SourceTitle "CBM 181 Extra"]
[Source "ChessBase"]
[SourceDate "2017.12.12"]
[SourceVersion "1"]
[SourceVersionDate "2017.12.12"]
[SourceQuality "1"]

1. d4 Nf6 2. c4 c5 3. Nf3 g6 4. Nc3 Bg7 5. d5 0-0 6. e4 d6 7. Bd3 e6 8. h4 exd5 9. exd5 Bg4 10. Be3 Nbd7 11. Qd2 Bxf3 12. gxf3 Ne5 13. Be2 h5 14. 0-0-0 Qd7 15. Rdg1 a6 16. Bh6 b5 17. Bxg7 Kxg7 18. Ne4 Qe7 19. Re1 bxc4 20. Qc3 Nxd5 21. Qd2 Nb4 22. a3 Nbd3+ 23. Bxd3 Nxd3+ 24. Kc2 Nxe1+ 25. Rxe1 Rfe8 26. Qc3+ Qe5 27. Re3 Qxc3+ 28. Kxc3 Rad8 29. Kc2 f5 30. Ng5 Rxe3 0-1

[Event "ARG-ch Amateur U2000"]
[Site "Torre Blanca"]
[Date "2016.12.09"]
[Round "4.11"]
[White "Romanazzi, Federico"]
[Black "Amoroso, Juan Pablo"]
[Result "0-1"]
[WhiteElo "1880"]
[BlackElo "1914"]
[PlyCount "90"]
[EventDate "2016.12.08"]
[EventType "swiss"]
[EventRounds "9"]
[EventCountry "ARG"]
[SourceTitle "EXT 2024"]
[Source "ChessBase"]
[SourceDate "2023.10.10"]
[SourceVersion "1"]
[SourceVersionDate "2023.10.10"]
[SourceQuality "1"]

1. d4 Nf6 2. Nf3 c5 3. c3 b6 4. Bf4 Bb7 5. e3 g6 6. Be2 Bg7 7. 0-0 0-0 8. h3 d6 9. Nbd2 Nbd7 10. Qc2 Rc8 11. a4 a6 12. Bh2 Qc7 13. Ng5 Qb8 14. h4 Qa8 15. Bf3 Bxf3 16. Ngxf3 Ng4 17. Rfd1 Nxh2 18. Kxh2 Nf6 19. Nc4 d5 20. Nxb6 Qb8+ 21. Kg1 Qxb6 22. a5 Qb5 23. dxc5 Qxc5 24. Nd4 e5 25. Nf3 Rfe8 26. Qe2 Qc6 27. Ne1 Rb8 28. g4 h6 29. g5 hxg5 30. hxg5 Ne4 31. Qg4 Rxb2 32. Nd3 Rd2 33. Nb4 Qxc3 34. Nxd5 Rxd5 35. Qxe4 Rxd1+ 36. Rxd1 Qxa5 37. Rd7 Rd8 38. Re7 Qb5 39. Kh2 Bf8 40. Rb7 Qd5 41. Qxd5 Rxd5 42. Kg3 a5 43. Kf3 a4 44. Ke4 Ra5 45. Rb2 a3 0-1

[Event "Necochea op"]
[Site "Necochea"]
[Date "2016.12.03"]
[Round "3"]
[White "Calcaprina, Demian"]
[Black "Amoroso, Juan Pablo"]
[Result "0-1"]
[WhiteElo "1913"]
[BlackElo "1914"]
[PlyCount "78"]
[EventDate "2016.12.02"]
[EventType "swiss"]
[EventRounds "6"]
[EventCountry "ARG"]
[SourceTitle "CBM 176 Extra"]
[Source "ChessBase"]
[SourceDate "2017.03.02"]
[SourceVersion "1"]
[SourceVersionDate "2017.03.02"]
[SourceQuality "1"]

1. e4 c5 2. Nf3 g6 3. g3 Nc6 4. Bg2 Bg7 5. 0-0 e6 6. d3 Nge7 7. Nbd2 0-0 8. Re1 d6 9. c3 e5 10. Nf1 h6 11. Be3 Qb6 12. Qd2 Kh7 13. Rab1 Qc7 14. b4 b6 15. Rec1 Rd8 16. b5 Na5 17. d4 Nc4 18. Qe2 Nxe3 19. Nxe3 Be6 20. d5 Bd7 21. Nd2 Rf8 22. Nec4 Rae8 23. Qd3 f5 24. exf5 gxf5 25. g4 Kh8 26. gxf5 Bxf5 27. Be4 Qd7 28. Bxf5 Nxf5 29. Ne4 Nh4 30. Qg3 Rf4 31. Ncxd6 Rg8 32. Kf1 Bf8 33. Qd3 Bxd6 34. Nxd6 Qxd6 35. Re1 Qf6 36. Rb2 Nf3 37. Rd1 Qf5 38. d6 Nxh2+ 39. Ke2 Re4+ 0-1

[Event "Pan American-ch U2000"]
[Site "Carilo Village"]
[Date "2016.10.27"]
[Round "4"]
[White "Amoroso, Juan Pablo"]
[Black "Lugo, Sergio"]
[Result "1-0"]
[WhiteElo "1851"]
[BlackElo "1960"]
[PlyCount "37"]
[EventDate "2016.10.25"]
[EventType "swiss"]
[EventRounds "9"]
[EventCountry "ARG"]
[SourceTitle "EXT 2022"]
[Source "ChessBase"]
[SourceDate "2021.10.06"]
[SourceVersion "1"]
[SourceVersionDate "2021.10.06"]
[SourceQuality "1"]

1. c4 e5 2. g3 Nf6 3. Bg2 d5 4. cxd5 Nxd5 5. Nc3 Nb6 6. Nf3 Nc6 7. 0-0 Bg4 8. a3 Qd7 9. b4 f6 10. d3 0-0-0 11. Be3 Kb8 12. Rc1 Nd4 13. Bxd4 exd4 14. Ne4 Na4 15. Nxd4 Qxd4 16. Qxa4 Bxe2 17. Qc2 Bg4 18. Qxc7+ Ka8 19. Nd6 1-0

[Event "Pan American-ch U2000"]
[Site "Carilo Village"]
[Date "2016.10.26"]
[Round "3"]
[White "Acosta, Carlos Humberto"]
[Black "Amoroso, Juan Pablo"]
[Result "0-1"]
[WhiteElo "1726"]
[BlackElo "1851"]
[PlyCount "96"]
[EventDate "2016.10.25"]
[EventType "swiss"]
[EventRounds "9"]
[EventCountry "ARG"]
[SourceTitle "EXT 2022"]
[Source "ChessBase"]
[SourceDate "2021.10.06"]
[SourceVersion "1"]
[SourceVersionDate "2021.10.06"]
[SourceQuality "1"]

1. e4 c5 2. Nf3 g6 3. d4 cxd4 4. Nxd4 Bg7 5. Nc3 Nc6 6. Be3 Nf6 7. Be2 0-0 8. Nxc6 bxc6 9. Qd2 Rb8 10. Rb1 Qc7 11. 0-0 d6 12. h3 Re8 13. Bc4 e6 14. Bf4 e5 15. Be3 d5 16. exd5 cxd5 17. Nb5 Qxc4 18. Nd6 Qc6 19. Nxe8 Nxe8 20. c3 Bb7 21. f3 a6 22. Rbd1 Nd6 23. Bf2 Nf5 24. Rfe1 Re8 25. a3 Bh6 26. Qd3 e4 27. fxe4 dxe4 28. Qd7 e3 29. Qxc6 exf2+ 30. Kxf2 Bxc6 31. Rxe8+ Bxe8 32. g4 Ne7 33. Rd8 Kf8 34. Ra8 Bc1 35. b4 Bxa3 36. Rxa6 Bb2 37. c4 Bc6 38. b5 Bb7 39. Rd6 Ke8 40. Ke2 Nc8 41. Rd2 Ba3 42. Kd3 Bc5 43. Kc3 Nd6 44. Kb3 Ke7 45. Rd1 Bg2 46. h4 Bf3 47. Rd3 Be2 48. Rd2 Bxc4+ 0-1